| 000 -LEADER |
| fixed length control field |
00707nam a2200253Ia 4500 |
| 001 - CONTROL NUMBER |
| control field |
11346 |
| 003 - CONTROL NUMBER IDENTIFIER |
| control field |
GE_BSU |
| 008 - FIXED-LENGTH DATA ELEMENTS--GENERAL INFORMATION |
| fixed length control field |
181216s||||||||xx |||||||||||||| ||und|| |
| 020 ## - INTERNATIONAL STANDARD BOOK NUMBER |
| International Standard Book Number |
9785713314170 |
| 040 ## - CATALOGING SOURCE |
| Transcribing agency |
GE_BSU |
| 080 ## - UNIVERSAL DECIMAL CLASSIFICATION NUMBER |
| Universal Decimal Classification number |
341.8(075.8) |
| 100 ## - MAIN ENTRY--PERSONAL NAME |
| Personal name |
Лапин,Г.Э |
| 245 ## - TITLE STATEMENT |
| Title |
Консульская служба. |
| 245 ## - TITLE STATEMENT |
| Remainder of title |
учебное пособие. |
| 245 ## - TITLE STATEMENT |
| Statement of responsibility, etc. |
Ред:Л.И.Гецелевич. |
| 250 ## - EDITION STATEMENT |
| Edition statement |
3-е изд; перераб и доп. |
| 260 ## - PUBLICATION, DISTRIBUTION, ETC. |
| Place of publication, distribution, etc. |
Москва. |
| 260 ## - PUBLICATION, DISTRIBUTION, ETC. |
| Name of publisher, distributor, etc. |
Международнье отношения. |
| 260 ## - PUBLICATION, DISTRIBUTION, ETC. |
| Date of publication, distribution, etc. |
2012. |
| 300 ## - PHYSICAL DESCRIPTION |
| Extent |
248стр;20см. |
| 653 ## - INDEX TERM--UNCONTROLLED |
| Uncontrolled term |
Консульская служба. |
| 942 ## - ADDED ENTRY ELEMENTS (KOHA) |
| Koha item type |
წიგნი |